Normal view
MARC view
- Malaysia.
Entry Corporate Name
001 - CONTROL NUMBER
- control field: 8922
003 - CONTROL NUMBER IDENTIFIER
- control field: OSt
005 - DATE AND TIME OF LATEST TRANSACTION
- control field: 20170711091139.0
008 - FIXED-LENGTH DATA ELEMENTS
- fixed length control field: 170711|| aca||aabn | a|a d
040 ## - CATALOGING SOURCE
- Original cataloging agency: OSt
- Transcribing agency: OSt
110 ## - HEADING--CORPORATE NAME
- Corporate name or jurisdiction name as entry element: Malaysia.
- Subordinate unit: Jabatan Perdana Menteri.
- Subordinate unit: Unit Perancang Ekonomi,
- Relator term: issuing body.
670 ## - SOURCE DATA FOUND
- Source citation: Work cat.: (OSt)0: Ringkasan Eksekutif RANCANGAN MALAYSIA KESEBELAS 2016-2020 :

PORTAL AKMAL
E-MEL JKDM
AKMAL2U
G-BAM
u-PUSTAKA